[Event "KUW-ch"]
[Site "Kuwait"]
[Date "2017.03.03"]
[Round "2"]
[White "Al Hajiri, Bader"]
[Black "Al Awadhi, Waleed"]
[Result "1-0"]
[WhiteElo "2159"]
[BlackElo "1837"]
[PlyCount "81"]
[EventDate "2017.03.02"]
[EventType "tourn"]
[EventRounds "9"]
[EventCountry "KUW"]
[SourceTitle "EXT 2018"]
[Source "ChessBase"]
[SourceDate "2017.10.13"]
[SourceVersion "1"]
[SourceVersionDate "2017.10.13"]
[SourceQuality "1"]

1. e4 e6 2. d4 d5 3. Nd2 Nf6 4. e5 Nfd7 5. Ngf3 c5 6. c3 Nc6 7. Bd3 f6 8. Ng5 Ndxe5 9. dxe5 fxg5 10. Qh5+ Kd7 11. Nf3 Be7 12. Nxg5 g6 13. Qg4 Qg8 14. Bf4 h6 15. Nf3 g5 16. Be3 h5 17. Qg3 g4 18. Nh4 c4 19. Bc2 Qg7 20. Ng6 Rg8 21. 0-0-0 Kc7 22. h3 h4 23. Qxg4 Bd7 24. g3 hxg3 25. Qxg3 b5 26. h4 b4 27. h5 bxc3 28. bxc3 Ba3+ 29. Kd2 d4 30. cxd4 c3+ 31. Kxc3 Qf7 32. d5 Nb4 33. Be4 Ba4 34. d6+ Kd7 35. Bxa8 Rxa8 36. Kd2 Qf5 37. Bd4 Qc2+ 38. Ke3 Qf5 39. Nf4 Bc6 40. Qg7+ Kc8 41. Qc7# 1-0

[Event "KUW-ch"]
[Site "Kuwait"]
[Date "2013.11.14"]
[Round "3"]
[White "Al Hajiri, Bader"]
[Black "Al Awadhi, Waleed"]
[Result "1-0"]
[WhiteElo "2056"]
[BlackElo "1954"]
[PlyCount "149"]
[EventDate "2013.11.12"]
[EventType "tourn"]
[EventRounds "13"]
[EventCountry "KUW"]
[SourceTitle "CBM 157 Extra"]
[Source "ChessBase"]
[SourceDate "2013.12.19"]
[SourceVersion "1"]
[SourceVersionDate "2013.12.19"]
[SourceQuality "1"]

1. e4 e6 2. d4 d5 3. Nc3 Bb4 4. e5 Ne7 5. Qg4 c5 6. a3 Bxc3+ 7. bxc3 Qc7 8. Qxg7 Rg8 9. Qxh7 cxd4 10. Ne2 Nbc6 11. f4 dxc3 12. Qd3 d4 13. Nxd4 Nxd4 14. Qxd4 Bd7 15. Be3 Nd5 16. Bf2 Bc6 17. Rg1 Qa5 18. g3 b6 19. Qc4 Ne7 20. Qb4 Qd5 21. Rd1 Qe4+ 22. Qxe4 Bxe4 23. Bb5+ Kf8 24. Bd3 Bf3 25. Rb1 Nd5 26. Rb3 Rc8 27. Bd4 Rh8 28. Kf2 Bg4 29. h4 Kg7 30. a4 Rhd8 31. a5 bxa5 32. Ra1 Nb4 33. Rxc3 Rxc3 34. Bxc3 Nxd3+ 35. cxd3 Rxd3 36. Bxa5 Rf3+ 37. Kg2 Rb3 38. Be1 Rb7 39. Bf2 Kg6 40. Bxa7 Kf5 41. Bf2 Rb3 42. Ra7 Bh5 43. Ra2 Bf3+ 44. Kh3 Rb1 45. g4+ Bxg4+ 46. Kh2 Kxf4 47. Bg3+ Ke3 48. Ra3+ Ke2 49. Ra4 Bf3 50. Kh3 Rh1+ 51. Bh2 Bh5 52. Rf4 Rb1 53. Rf6 Rb3+ 54. Bg3 Rb1 55. Rh6 Rh1+ 56. Bh2 Bg6 57. h5 Bf5+ 58. Kg3 Rb1 59. Kf4 Rb8 60. Kg5 Rg8+ 61. Kf6 Rg2 62. Bf4 Kf3 63. Bg5 Ke4 64. Rh8 Kd5 65. Ra8 Kc4 66. h6 Rh2 67. Kxf7 Rh5 68. Kf6 Kd4 69. Ra4+ Kd5 70. Rh4 Rxh4 71. Bxh4 Ke4 72. Be1 Kf4 73. Bc3 Kg4 74. Kg7 Kh5 75. h7 1-0